000 00669nam a22002417a 4500
003 dpl
005 20180619134732.0
008 180619b xxu||||| |||| 00| 0 eng d
016 _aA-715343
020 _a8170391482
022 _a8170391482
035 _aA-715343
037 _bBPPD/PUB
040 _c0
082 1 4 _a378.052095441
100 1 _aTikekar Aroon
245 1 _aCloisters Pale
_cby Aroon Tikekar
260 _aMumbai
_bSomaiya Publications PVT. LTD.
_c1984
300 _axiv, 292p.
_c23cm (HB)
490 _aAgatha Christies
500 _aInclude Index
942 _adpl
_cEN
_k378.052095441/TIK
_2ddc
_h378.052095441
_mTIK
999 _c152827
_d152827